| 000 | 00438nmm a22001577a 4500 | ||
|---|---|---|---|
| 005 | 20220620083625.0 | ||
| 008 | 150728b xxu||||| |||| 00| 0 spa d | ||
| 041 | _aspa | ||
| 082 | _aMD 221 | ||
| 100 |
_aMadrigal Zúñiga, Gloriana _94470 |
||
| 245 | _aInforme de Práctica Supervisada realizado en el Laboratorio T.D. Mario Palacios Robles | ||
| 260 | _c2014 | ||
| 650 |
_aCOSTA RICA _963833 |
||
| 650 |
_aPORCELANA _93759 |
||
| 942 | _cIP | ||
| 999 |
_c6911 _d6911 |
||